banner koha

Eficiencia de barreiras vegetais no isolamento de parcelas de algodoeiro (Gossypium hirsutum L.) (Registro n. 327375)

MARC details
000 -LÍDER
campo de controle de tamanho fixo 00868naa a22002777a 4500
001 - NÚMERO DE CONTROLE
campo de controle BR6008705
003 - IDENTIFICADOR DO NÚMERO DE CONTROLE
campo de controle BR-BrBNA
005 - DATA E HORÁRIO DA ÚLTIMA TRANSAÇÃO
campo de controle 20240918181902.0
007 - CAMPO FIXO DE DESCRIÇÃO FÍSICA--INFORMAÇÃO GERAL
campo de controle de tamanho fixo ta
008 - CAMPO DE DADOS FIXOS--INFORMAÇÃO GERAL
campo de controle de tamanho fixo 230509b bl.||||| |||| 00| 0 por d
040 ## - FONTE DA CATALOGAÇÃO
Instituição da catalogação original BR-BrBNA
Idioma da catalogação por
Instituição que transcreveu o registro Biblioteca Nacional de Agricultura
041 ## - CÓDIGO DE IDIOMA
Código do idioma do texto/trilha sonora ou título diferente (Pt)
072 ## - CÓDIGO DE CATEGORIA DE ASSUNTO
Código de Categoria de Assunto F30
Código do objeto 0430
090 ## - NÚMERO DE CHAMADA LOCAL
Número de chamada F30 BR6008705
100 1# - ENTRADA PRINCIPAL--NOME PESSOAL
Nome pessoal Castro, E. da M. de
100 1# - ENTRADA PRINCIPAL--NOME PESSOAL
Nome pessoal Cridi-Papp, I.L.
100 1# - ENTRADA PRINCIPAL--NOME PESSOAL
Nome pessoal Paterniani, E.
245 1# - TÍTULO
Título Eficiencia de barreiras vegetais no isolamento de parcelas de algodoeiro (Gossypium hirsutum L.)
260 3# - PUBLICAÇÃO, DISTRIBUIÇÃO, ETC.
Local de publicação, distribuição, etc. Piracicaba, SP (Brasil):
Data da publicação, distribuição, etc. 1976.
500 ## - NOTA GERAL
Nota geral Relatorio cientifico 1975<br/>Piracicaba, SP (Brasil): 1976. p. 45-49<br/>(BR6008705-AM)F30<br/>
650 ## - ASSUNTO--TERMO TÓPICO
Cabeçalho tópico ou nome geográfico Melhoramento Genetico Vegetal
650 ## - ASSUNTO--TERMO TÓPICO
Cabeçalho tópico ou nome geográfico Algodao
650 ## - ASSUNTO--TERMO TÓPICO
Cabeçalho tópico ou nome geográfico Cruzamento
909 ## -
-- 202404
-- Lucia
-- 55
-- Lucia Elande
942 ## - ELEMENTOS DE ENTRADA ADICIONADOS (KOHA)
Tipo de material Koha Capítulo-Livro
Fonte da classificação ou esquema de arquivamento na estante Classificação AGRIS
Exemplares
Situação do descarte Fonte da classificação ou esquema de arquivamento na estante Situação física Não pode ser emprestado Coleção Biblioteca de origem Biblioteca atual Localização na estante Total de empréstimos Data de último acesso Número do exemplar Tipo de material Koha Situação das perdas Data de aquisição Fonte de aquisição
  Classificação AGRIS       Biblioteca Nacional de Agricultura - Binagri Biblioteca Nacional de Agricultura - Binagri Agrobase - Acervo Geral   20/05/2024 01 Capítulo-Livro   2024-04-11 Portaria Interministerial nº 164/94

BINAGRI

Telefone: (61)3218-2567/2388/3357/2097 - binagri@agro.gov.br

Ministério da Agricultura e Pecuária , Esplanada dos Ministérios, Bloco D, Anexo B, Brasília/DF, CEP: 70.043-900